<?xml version="1.0" encoding="UTF-8"?><?xml-stylesheet type="text/xsl" href="static/style.xsl"?><OAI-PMH xmlns="http://www.openarchives.org/OAI/2.0/" xmlns:xsi="http://www.w3.org/2001/XMLSchema-instance" xsi:schemaLocation="http://www.openarchives.org/OAI/2.0/ http://www.openarchives.org/OAI/2.0/OAI-PMH.xsd"><responseDate>2026-06-29T23:31:52Z</responseDate><request verb="GetRecord" identifier="oai:docta.ucm.es:20.500.14352/137219" metadataPrefix="marc">https://docta.ucm.es/rest/oai/request</request><GetRecord><record><header><identifier>oai:docta.ucm.es:20.500.14352/137219</identifier><datestamp>2026-06-06T00:18:00Z</datestamp><setSpec>com_20.500.14352_14</setSpec><setSpec>col_20.500.14352_119695</setSpec></header><metadata><record xmlns="http://www.loc.gov/MARC21/slim" xmlns:dcterms="http://purl.org/dc/terms/" xmlns:xsi="http://www.w3.org/2001/XMLSchema-instance" xmlns:doc="http://www.lyncode.com/xoai" xsi:schemaLocation="http://www.loc.gov/MARC21/slim http://www.loc.gov/standards/marcxml/schema/MARC21slim.xsd">
   <leader>00925njm 22002777a 4500</leader>
   <datafield ind2=" " ind1=" " tag="042">
      <subfield code="a">dc</subfield>
   </datafield>
   <datafield ind2=" " ind1=" " tag="720">
      <subfield code="a">Mercado García, Esther</subfield>
      <subfield code="e">author</subfield>
   </datafield>
   <datafield ind2=" " ind1=" " tag="720">
      <subfield code="a">Iversen, Elin Hassel</subfield>
      <subfield code="e">author</subfield>
   </datafield>
   <datafield ind2=" " ind1=" " tag="260">
      <subfield code="c">2025-08-07</subfield>
   </datafield>
   <datafield ind2=" " ind1=" " tag="520">
      <subfield code="a">The United Nations Convention on the Rights of the Child (UNCRC) (UN, 1989) gives every child a right to participate and be heard. To be seen and heard is essential to all humans. To be given a voice can help the child to find his or her
language for self- expression. Children in protective systems need trusting and lasting relationships with adults who care for them. Therefore, professionals must adapt their processes and language to the inner world of children so that their thoughts and feelings can be spontaneously expressed (Wieder, 2017). In this context, the success of our engagement with children depends, in part, on our understanding and appreciation of the unique skills, talents and capabilities of each child. They live in a world of tangible realities and often express their experiences through play (Landreth, 2012). Adults attempting to understand children’s lives and experiences often encounter asymmetries not only relating to age but also to communicative abilities. To overcome these, increasingly innovative approaches have been adopted (Butschi and Hedderich, 2021) and in this chapter we introduce a number of activities that can be used with young children in child welfare and child protection contexts.</subfield>
   </datafield>
   <datafield ind1="8" ind2=" " tag="024">
      <subfield code="a">Mercado García, E. &amp; Iversen, E.H. (2025). Creative participatory approaches, methods and tools.  In K. Winter &amp; G. Ruch (Eds.), Supporting young children´s participation in child welfare : European perspectives (pp. 71-97). Policy Press. https://doi.org/10.2307/jj.25968905</subfield>
   </datafield>
   <datafield ind1="8" ind2=" " tag="024">
      <subfield code="a">9781447376057</subfield>
   </datafield>
   <datafield ind1="8" ind2=" " tag="024">
      <subfield code="a">978-1447376033</subfield>
   </datafield>
   <datafield ind1="8" ind2=" " tag="024">
      <subfield code="a">9781447376040</subfield>
   </datafield>
   <datafield ind1="8" ind2=" " tag="024">
      <subfield code="a">10.51952/9781447376057</subfield>
   </datafield>
   <datafield ind1="8" ind2=" " tag="024">
      <subfield code="a">https://hdl.handle.net/20.500.14352/137219</subfield>
   </datafield>
   <datafield ind1="8" ind2=" " tag="024">
      <subfield code="a">9781447376057</subfield>
   </datafield>
   <datafield ind1="8" ind2=" " tag="024">
      <subfield code="a">https://doi.org/10.51952/9781447376057</subfield>
   </datafield>
   <datafield ind1="8" ind2=" " tag="024">
      <subfield code="a">https://bristoluniversitypressdigital.com/edcollchap-oa/book/9781447376057/ch005.xml</subfield>
   </datafield>
   <datafield ind2="0" ind1="0" tag="245">
      <subfield code="a">Creative participatory approaches, methods and tools</subfield>
   </datafield>
</record></metadata></record></GetRecord></OAI-PMH>